Urban design : green dimensions /

書目詳細資料
主要作者: Moughtin, Cliff
其他作者: Shirly, Peter
格式: 圖書
出版: Boston ; Amsterdam : Architectural Press, 2005 [reprinted 2006].
版:Second edition.
主題:
Classic Catalogue: View this record in Classic Catalogue
LEADER 01353nam a2200301 a 4500
001 00017901
003 BD-DhAAL
008 090621r20062005 mau b 001 0 eng d
010 |a  2004059510 
020 |a 0750662077 (alk. paper) 
040 |a DLC  |c DLC  |d DLC  |d BD-DhAAL 
082 0 0 |a 711.42  |2 22 
100 1 |a Moughtin, Cliff.  |9 1750 
245 1 0 |a Urban design :  |b green dimensions /  |c Cliff Moughtin, Peter Shirly 
250 |a Second edition. 
260 |a Boston ;  |a Amsterdam :  |b Architectural Press,  |c 2005 [reprinted 2006]. 
300 |a xi, 254p. :  |b illustrations ;  |c 21 cm 
504 |a Includes bibliography (pages 229-236) and index. 
526 |a ARC  |x Sayem Khan Faculty members of the Department of Architecture 
541 1 |e 00017901  |a D. S. Books International 
650 0 |a City planning  |x History  |y 20th century.  |9 1751 
650 0 |a City planning  |x Environmental aspects.  |9 1752 
650 0 |a Architecture and society.  |9 1753 
700 1 |a Shirly, Peter.  |9 1754 
852 4 |a Ayesha Abed Library  |c General Stacks 
942 |2 ddc  |c BK 
999 |c 1506  |d 1506 
952 |0 0  |1 0  |2 ddc  |4 0  |6 711_420000000000000_MOU_2006  |7 0  |9 11085  |a BRACUL  |b BRACUL  |c GEN  |d 2010-06-17  |e D. S. Books International  |l 13  |m 61  |o 711.42 MOU  |p 3010017901  |r 2025-08-03  |s 2025-07-01  |t 1  |w 2010-06-17  |y BK  |x Requisitioned by Sayem Khan (Faculty members of the Department of Architecture) ; USD 45.95